Statistics for Former Flags of Asia Map Quiz

Click here to take the quiz!

General Stats

  • This quiz has been taken 349 times
    (79 since last reset)
  • The average score is 20 of 48

Answer Stats

Answer % Correct
South Korea
79%
North Korea
74%
China
72%
Indonesia
70%
Pakistan
66%
Bangladesh
64%
Sri Lanka
62%
Turkey
62%
Cambodia
62%
Afghanistan
60%
Israel
60%
Bhutan
57%
Bahrain
55%
Iran
55%
Nepal
55%
Maldives
55%
Lebanon
53%
Thailand
51%
Brunei
51%
Qatar
51%
Uzbekistan
45%
Jordan
45%
India
45%
Oman
40%
Mongolia
40%
Laos
40%
Syria
38%
Georgia
36%
Vietnam
36%
Myanmar
34%
Philippines
34%
Taiwan
34%
Saudi Arabia
30%
Tajikistan
30%
Singapore
28%
Kazakhstan
26%
Iraq
26%
Kuwait
26%
Japan
23%
United Arab Emirates
23%
Timor-Leste
21%
Cyprus
19%
Malaysia
17%
Armenia
17%
Yemen
17%
Turkmenistan
15%
Kyrgyzstan
15%
Azerbaijan
11%

Score Distribution

Percentile by Number Answered

Percent of People with Each Score

Your Score History

You have not taken this quiz since the last reset